000 00338nam a2200145 a 4500
003 AR-BaBNM
005 20251128203023.0
008 082120s2002 ||||||||||||||000 | spa||
040 _cAR-BaBNM
245 0 0 _aHistorama
_n9
260 _a[S.l.]
_bCodex
_c1965
700 1 _aRolland, Jacques Francis
_edirector
942 _cBK
998 _cRhizi
999 _c1553
_d1553